000 01150cam a22001934a 4500
005 20250605164407.0
008 250528s ||||||||||||||||||||||||d
035 _a24863
040 _aGR-AtMCL
_bgre
_dGR-AtMCL
_eAACR2
245 1 _aΜαθηματικά / Των Επιστημών Οικονομίας και Διοίκησης
250 _a8th
260 _bΠ.Χ Πασχαλίδης,
_c2015
300 _a736
520 _aΤο Παρόν βιβλίο είναι ιδανικό για οποινδήποτε φοιτητή κάνει μαθήματα οικονομικών και διοίκηση επιχειρήσεων. Ξεκινώντας, Γραμμικές Εξισώσεις, Εξισώσεις Μη Γραμμικής Μορφής, Χρηματοοικονομικά Μαθηματικά, Διαφόριση, Μερική Διαφόριση, Ολοκλήρωση, Άλγεβρα Πινάκων, Γραμμικός Προγραμματισμός, Δυναμικά Συστήματα, Απαντήσεις, Λεξικό, Ευρετήριο.
700 1 _aJacques Ian
_94781
942 _cBK
999 _c9700
_d9700